[Event "Benidorm Bali"]
[Site "Benidorm"]
[Date "2002.11.29"]
[Round "1"]
[White "Karjakin, Sergey"]
[Black "Shirov, Alexei"]
[Result "1-0"]
[WhiteElo "2527"]
[BlackElo "2699"]
[Annotator "Roiz,M"]
[PlyCount "75"]
[EventDate "2002.11.29"]
[EventType "tourn (rapid)"]
[EventRounds "11"]
[EventCountry "ESP"]
[EventCategory "13"]
[SourceTitle "CBM 093"]
[Source "ChessBase"]
[SourceDate "2003.04.01"]
[SourceVersion "1"]
[SourceVersionDate "2003.04.01"]
[SourceQuality "1"]

1. e4 c5 2. Nf3 Nc6 3. d4 cxd4 4. Nxd4 e5 5. Nb5 d6 6. N1c3 a6 7. Na3 b5 8. Nd5
Nce7 ({The alternatives are:} 8... Nge7) (8... Nf6) 9. c4 Nxd5 10. exd5 bxc4
11. Nxc4 Nf6 (11... f5 $5 12. Bd2 {[%cal Gd2a5]} a5 13. Qa4+ Bd7 14. Qa3 Qb8
15. Bxa5 Nf6 16. Rd1 (16. Bc7 Qb7 17. Nxd6+ Bxd6 18. Qxd6 Kf7 $1 19. b4 Rhc8
20. Ba5 Rxa5 21. bxa5 Qb2 22. Rd1 Qc3+ 23. Rd2 Qxd2+ 24. Kxd2 Ne4+ $19) 16...
Be7 17. Qb4 O-O 18. Qxb8 Rfxb8 $44 {0.5-0.5 Sulypa,A-Mochalov,E/Yalta op 1996})
(11... Be7 12. Bd2 (12. Be3 Rb8 13. a4 f5 14. a5 Nf6 (14... f4 $5 15. Ba7 Ra8
16. Bb6 Qd7 17. Bd3 Nf6 18. Bc2 O-O 19. O-O Bb7 $132 {0-1 Fercec,N-Fedorov,A/
CRO-chT Medulin 2002}) 15. Ba7 Rb7 16. Bb6 Qd7 17. Be2 O-O 18. O-O f4 19. f3
Qf5 20. Rc1 Kh8 21. Re1 Qg6 $13 {1-0 Ivanov,A-Fedorov,A/Fide-Wch 2000}) 12...
a5 13. Qa4+ (13. Be3 $5 Rb8 14. Rc1 Bd7 15. f4 e4 16. Qd2 a4 17. Ba7 Rb5 18.
Bd4 Nf6 19. Ne3 $14 {1-0 Velimirovic,D-Gostisa,L/JUG-chT Cetinje 1990}) 13...
Bd7 14. Qa3 Nf6 15. Bxa5 Qb8 16. Rd1 O-O 17. b4 Bb5 18. Qb3 Bd8 19. Bxd8 Ba4
$13 {Klovans,J-Gerber,R/Geneve op 1996}) (11... Be7) 12. Be3 (12. Bd2 a5 13.
Qa4+ Bd7 14. Qa3 Qb8 15. Be2 Be7 16. O-O O-O 17. Rfd1 Bb5 $11 {0-1 Aagaard,
J-Turov,M/Politiken Cup 24th 2002}) 12... Rb8 13. Be2 $1 {[%csl Rg4][%cal
Ye2g4] The strongest.} (13. a4 $143 Ng4 $1 14. Bd2 f5 15. Be2 Qh4 16. g3 Qh3
17. Bf1 Qh5 18. h3 Nf6 19. Qxh5+ Nxh5 20. a5 Nf6 21. Nb6 Bb7 22. Bc4 Be7 $15 {
[%cal Ge7d8] 0.5-0.5 Smikovski,I-Sveshnikov,E/Samara RUS 2000}) 13... Be7 14.
a4 (14. O-O O-O 15. a4 {-14.a4}) 14... O-O 15. O-O {This is a critical
position. White has a large choice of possibilities.} Bb7 {This is the most
popular continuation.} ({Besides,black has several alternatives:} 15... Nd7 16.
Qd2 {[%csl Rc6][%cal Gc4a5,Ga5c6]} f5 17. f3 Nf6 (17... Qe8 $5) 18. a5 (18. Na5
$14) 18... Kh8 19. Nb6 Bb7 20. Kh1 f4 21. Bg1 Nh5 22. Bf2 Bh4 $132 {0.5-0.5
Wittmann,W-Shariyazdanov,A/Oberwart op 2000}) (15... Bf5 16. a5 Qd7 (16... Be4
17. Nb6 Rxb6 18. Bxb6 Qa8 19. Bf3 Bxd5 20. Bxd5 Nxd5 21. Qf3 $14 {0-1 Sherzer,
A-Gostisa/Spring op Budapest 1990}) 17. f4 Be4 18. Nb6 Qb7 19. Ra4 Bxd5 20.
fxe5 dxe5 21. Rxf6 Bxg2 22. Rg4 $6 (22. Rf2 $16) 22... Rbd8 23. Qe1 Bxf6 24.
Rxg2 Qe4 $36 {0-1 Kotsur,P-Fedorov,A/Istanbul ol(Men) 2000}) (15... a5 16. Bd2
Ra8 17. Qe1 Ba6 18. Nxa5 Nxd5 19. Bxa6 Rxa6 20. b4 $36 {1-0 Palac,M-Brumen,D/
Pula op 2000}) (15... Qd7 16. Nb6) 16. Nb6 Nd7 17. a5 f5 18. f3 {[%cal Ge3f2]
This is a standard reaction on f7-f5:freeing the place for the bishop.} Nxb6
19. Bxb6 Qd7 20. b4 Bd8 21. Be3 $1 $146 {[%csl Rg5][%cal Ye3g5] White has more
space, so he shouldn't change pieces.} (21. Bxd8 Rfxd8 22. Bc4 Bc8 23. Rb1 Qa7+
24. Kh1 Bd7 25. Qd3 Bb5 26. Bxb5 Rxb5 27. Qxf5 Rxd5 {+=/= 0.5-0.5 Van den Doel,
E-Nataf,I/North Sea Cup 16th 2001}) (21. Bf2 Bg5 $1 {[%csl Rc1][%cal Yg5c1]}
22. b5 axb5 23. a6 Ba8 24. a7 Rb7 25. Qb3 b4 26. Rfd1 e4 $13 {1-0 Smirnov,
P-Turov,M/RUS-ch Krasnodar 2002}) 21... Bf6 (21... Qf7 22. Bc4 Rc8 23. Qd3 $16
{[%csl Ra6]}) 22. Rb1 Rbc8 {[%csl Rc4][%cal Gc8c4]} 23. b5 $1 (23. Qb3 $6 e4 $1
{[%csl Rc3][%cal Gc8c3]}) 23... axb5 24. Rxb5 e4 $2 (24... Bd8 $142 $1 {
[%csl Rb6][%cal Yd8b6,Gb7a6]} 25. Bb6 Bxb6+ 26. axb6 (26. Rxb6 $2 Rc5 {[%csl
Ra5,Rd5][%cal Gc5d5,Gc5a5]}) 26... Rc3 $14 {[%cal Gf8c8]}) 25. fxe4 Rfe8 26.
Rb4 $1 {Maybe this strong move was overlooked by Alexei Shirov. Now black
cannot create any counterplay.} (26. Qb1 Ba6 27. Rxf5 $14) 26... Bc3 (26...
fxe4 27. Bg4 $18) 27. Bb5 $1 Qd8 28. Bxe8 Bxb4 29. Bc6 $1 Ba6 (29... Bxc6 30.
dxc6 Qxa5 31. Rxf5 $18 {[%csl Gc6][%cal Gd1d5]}) 30. Rxf5 Bxa5 31. h3 {White
has an extra pawn, but black's main problem is that his pieces are very
passive.} Rb8 (31... Bb6 $142 32. Bxb6 Qxb6+ 33. Kh2 $16 {[%cal Gd1g4]}) 32.
Kh2 g6 33. Bg5 $1 Qc7 34. Rf3 Rb4 35. Bh6 $18 Rb8 36. Qa1 Be2 37. Rf2 Bd3 38.
Qf6 {[%mdl 12]} 1-0

[Event "Benidorm Bali"]
[Site "Benidorm"]
[Date "2002.11.30"]
[Round "7"]
[White "Vera Gonzalez Quevedo, Reynaldo"]
[Black "Karjakin, Sergey"]
[Result "0-1"]
[WhiteElo "2544"]
[BlackElo "2527"]
[Annotator "Huzman,A"]
[PlyCount "56"]
[EventDate "2002.11.29"]
[EventType "tourn (rapid)"]
[EventRounds "11"]
[EventCountry "ESP"]
[EventCategory "13"]
[SourceTitle "CBM 093"]
[Source "ChessBase"]
[SourceDate "2003.04.01"]
[SourceVersion "1"]
[SourceVersionDate "2003.04.01"]
[SourceQuality "1"]

1. Nf3 d5 2. d4 Nf6 3. c4 dxc4 4. e3 e6 5. Bxc4 a6 6. O-O c5 7. Bb3 b5 8. a4 b4
9. Nbd2 Bb7 10. e4 Be7 11. e5 Nfd7 12. Re1 O-O 13. Ne4 cxd4 14. Bc2 (14. Bf4
Nc5 $6 15. Nxc5 Bxc5 16. Rc1 Nd7 17. Nxd4 Qh4 18. Be3 $8 Rad8 $2 19. Rc4 $1 Qe7
20. Qh5 Bd5 21. Nc6 $1 {[%mdl 64]} Bxc6 22. Rh4 h6 $2 (22... Be4 $1 {Huzman}
23. Rxe4 Bxe3 24. R4xe3 Nc5 25. Bc2 g6 $11) 23. Bxh6 $40 {1-0 Zhu Chen-Krush,I/
Shanghai 2002/CBM 91/[Huzman] (46)}) 14... Nc6 15. Qd3 g6 16. Bf4 Qa5 $1 {
[%csl Re5]} 17. Nd6 $2 (17. Nxd4 Ndxe5 (17... Ncxe5 18. Qg3 Rac8 19. Bb3 Nc4
20. Rac1 Nde5 (20... Bd5 $2 21. Bxc4 Bxc4 (21... Rxc4 22. Rxc4 Bxc4 23. Nc6 $18
) 22. Bd6 $1 $16) 21. Nxe6 fxe6 22. Bxe5 Nxe5 23. Bxe6+ Kg7 24. Bxc8 Rxc8 25.
Rxc8 Bxc8 $15) 18. Nxc6 Bxc6 19. Qg3 Nd7 $17) (17. Rac1 $142 Ndxe5 (17... Rfd8
18. Nd6 Bxd6 19. exd6 e5 20. Bg5 f6 21. Bh6 $36 {[%cal Gd3c4]}) 18. Nxe5 Nxe5
19. Qxd4 Ng4 $1 20. Bb3 Rfd8 21. Nd6 Nf6 $15 {[%cal Yd8d4]}) 17... Bxd6 18.
exd6 Qd5 19. Rad1 e5 20. Bb3 (20. Bh6 Nc5 21. Qe2 Rfd8 $19) 20... Qxd6 21. Bh6
Nc5 $1 22. Bxf8 Rxf8 23. Qc4 (23. Qc2 d3 24. Bc4 e4 25. Ng5 dxc2 26. Rxd6 Ne5
$19) 23... Na5 24. Qxb4 Naxb3 25. Nxe5 a5 $1 26. Qa3 Re8 27. Nd3 Rxe1+ 28. Nxe1
Qe5 0-1

[Event "EST-chT"]
[Site "Estonia"]
[Date "2003.??.??"]
[Round "?"]
[White "Jemeljanov, Anatoli"]
[Black "Karjakin, Sergei"]
[Result "1/2-1/2"]
[WhiteElo "2199"]
[BlackElo "2189"]
[PlyCount "32"]
[EventDate "2003.??.??"]
[EventType "team"]
[EventRounds "5"]
[EventCountry "EST"]
[SourceTitle "EXT 2007"]
[Source "ChessBase"]
[SourceDate "2006.11.23"]
[SourceVersion "1"]
[SourceVersionDate "2006.11.23"]
[SourceQuality "1"]

1. d4 e6 2. c4 Nf6 3. Nf3 d5 4. Nc3 Be7 5. Bg5 O-O 6. e3 h6 7. Bh4 Ne4 8. Bxe7
Qxe7 9. Qc2 Nxc3 10. Qxc3 c6 11. Bd3 dxc4 12. Bxc4 Nd7 13. O-O Re8 14. Rad1 b6
15. Ne5 Bb7 16. Nxd7 Qxd7 1/2-1/2

[Event "EST-chT"]
[Site "Estonia"]
[Date "2003.??.??"]
[Round "?"]
[White "Karjakin, Sergei"]
[Black "Krupenski, Igor"]
[Result "1/2-1/2"]
[WhiteElo "2189"]
[BlackElo "2246"]
[PlyCount "104"]
[EventDate "2003.??.??"]
[EventType "team"]
[EventRounds "5"]
[EventCountry "EST"]
[SourceTitle "EXT 2007"]
[Source "ChessBase"]
[SourceDate "2006.11.23"]
[SourceVersion "1"]
[SourceVersionDate "2006.11.23"]
[SourceQuality "1"]

1. e4 e6 2. d4 d5 3. Nc3 Nf6 4. Bg5 Be7 5. e5 Nfd7 6. Bxe7 Qxe7 7. f4 a6 8. Nf3
c5 9. dxc5 Qxc5 10. Bd3 Nc6 11. Qd2 Nb6 12. Qf2 Qxf2+ 13. Kxf2 f6 14. Ne2 O-O
15. Ke3 g5 16. g3 g4 17. Nfd4 fxe5 18. Nxc6 exf4+ 19. gxf4 bxc6 20. Rag1 Kh8
21. h3 e5 22. fxe5 Rf3+ 23. Kd2 Rxh3 24. Nf4 Rxh1 25. Rxh1 Ra7 26. e6 Nc4+ 27.
Kc3 Kg8 28. Bxc4 dxc4 29. Kd4 Rg7 30. Ke5 g3 31. Kf6 Bxe6 32. Kxe6 Rb7 33. b3
cxb3 34. axb3 Rb4 35. Nh5 Re4+ 36. Kf5 Re2 37. Rg1 Rxc2 38. Rxg3+ Kf8 39. Nf4
Rf2 40. Rc3 Rb2 41. Ne6+ Ke7 42. Nd4 Kd6 43. Nxc6 Rh2 44. Nb4 a5 45. Nd3 Rh3
46. Kg4 Re3 47. Kf4 Rh3 48. Ke4 h5 49. Rc4 Rh1 50. Ra4 Rb1 51. Ra3 h4 52. Nf4
Kc6 1/2-1/2

[Event "EST-chT final"]
[Site "Estonia"]
[Date "2003.??.??"]
[Round "?"]
[White "Karjakin, Sergei"]
[Black "Jemeljanov, Anatoli"]
[Result "1/2-1/2"]
[WhiteElo "2189"]
[BlackElo "2199"]
[PlyCount "77"]
[EventDate "2003.??.??"]
[EventType "team"]
[EventRounds "5"]
[EventCountry "EST"]
[SourceTitle "EXT 2007"]
[Source "ChessBase"]
[SourceDate "2006.11.23"]
[SourceVersion "1"]
[SourceVersionDate "2006.11.23"]
[SourceQuality "1"]

1. e4 c5 2. Nf3 Nc6 3. d4 cxd4 4. Nxd4 e5 5. Nb5 d6 6. N1c3 a6 7. Na3 Be7 8.
Nc4 b5 9. Ne3 Nf6 10. Ned5 h6 11. Be3 Rb8 12. Be2 O-O 13. O-O b4 14. Nxf6+ Bxf6
15. Nd5 Bg5 16. Bc4 Bxe3 17. Nxe3 Ne7 18. Qd3 a5 19. Rfd1 Rb6 20. Rd2 Bb7 21.
Rad1 Qa8 22. Nd5 Bxd5 23. Bxd5 Nxd5 24. Qxd5 Qxd5 25. Rxd5 Rc8 26. R1d2 Rbc6
27. Kf1 Rxc2 28. Ke2 R8c5 29. Rxd6 g6 30. Ra6 Kf8 31. Ra7 Kg7 32. Ke3 Rxd2 33.
Kxd2 Kf6 34. h4 h5 35. f3 Ke6 36. Ra6+ Ke7 37. g4 hxg4 38. fxg4 Kf8 39. Kd3
1/2-1/2

[Event "EST-chT final"]
[Site "Estonia"]
[Date "2003.??.??"]
[Round "?"]
[White "Karjakin, Sergei"]
[Black "Kanep, Meelis"]
[Result "0-1"]
[WhiteElo "2189"]
[BlackElo "2445"]
[PlyCount "78"]
[EventDate "2003.??.??"]
[EventType "team"]
[EventRounds "5"]
[EventCountry "EST"]
[SourceTitle "EXT 2007"]
[Source "ChessBase"]
[SourceDate "2006.11.23"]
[SourceVersion "1"]
[SourceVersionDate "2006.11.23"]
[SourceQuality "1"]

1. e4 c5 2. Nf3 d6 3. d4 cxd4 4. Nxd4 Nf6 5. Nc3 a6 6. Be3 e6 7. g4 h6 8. f4
Nc6 9. Be2 Qc7 10. g5 hxg5 11. fxg5 Nd7 12. Qd2 Nde5 13. O-O-O Bd7 14. h4 Na5
15. g6 Nxg6 16. Nf5 Ne5 17. Qe1 Nac4 18. Bxc4 Nxc4 19. Bd4 Ne5 20. Qg3 g6 21.
Ne3 Bh6 22. Kb1 Bxe3 23. Qxe3 Rh5 24. Rdf1 Bc6 25. Ne2 Nc4 26. Qc3 Bxe4 27. Ng3
Bxh1 28. Nxh5 gxh5 29. Rxh1 O-O-O 30. Rg1 e5 31. Bf2 d5 32. Qb4 d4 33. b3 Nd6
34. c4 Ne4 35. Be1 d3 36. Bd2 Qc5 37. Qxc5+ Nxc5 38. Kc1 Ne4 39. Rf1 Rg8 0-1

[Event "EST-chT final"]
[Site "Estonia"]
[Date "2003.??.??"]
[Round "?"]
[White "Karjakin, Sergei"]
[Black "Leito, Priit"]
[Result "0-1"]
[WhiteElo "2189"]
[BlackElo "2370"]
[PlyCount "66"]
[EventDate "2003.??.??"]
[EventType "team"]
[EventRounds "5"]
[EventCountry "EST"]
[SourceTitle "EXT 2007"]
[Source "ChessBase"]
[SourceDate "2006.11.23"]
[SourceVersion "1"]
[SourceVersionDate "2006.11.23"]
[SourceQuality "1"]

1. e4 c5 2. Nf3 e6 3. d4 cxd4 4. Nxd4 Nc6 5. Nc3 d6 6. Be3 Nf6 7. Qe2 a6 8.
O-O-O Qc7 9. g4 Nxd4 10. Rxd4 b5 11. g5 Nd7 12. h4 Bb7 13. Bh3 Rc8 14. Kb1 Ne5
15. f4 Nc4 16. Bc1 g6 17. Nd5 exd5 18. exd5+ Be7 19. Re1 Kd8 20. b3 Nb6 21. Bb2
Re8 22. Re4 Nxd5 23. c4 bxc4 24. bxc4 Nb4 25. Rxe7 Rxe7 26. Bf6 Nc6 27. Bg2
Qb6+ 28. Ka1 Kc7 29. Bxe7 Nd4 30. Qb2 Bxg2 31. Qxg2 Nb3+ 32. axb3 Qa5+ 33. Kb2
Qxe1 0-1

[Event "EST-chT final"]
[Site "Estonia"]
[Date "2003.??.??"]
[Round "?"]
[White "Kovaljov, Denis"]
[Black "Karjakin, Sergei"]
[Result "1-0"]
[WhiteElo "2249"]
[BlackElo "2189"]
[PlyCount "103"]
[EventDate "2003.??.??"]
[EventType "team"]
[EventRounds "5"]
[EventCountry "EST"]
[SourceTitle "EXT 2007"]
[Source "ChessBase"]
[SourceDate "2006.11.23"]
[SourceVersion "1"]
[SourceVersionDate "2006.11.23"]
[SourceQuality "1"]

1. d4 Nf6 2. Nf3 g6 3. Bg5 Bg7 4. Nbd2 d6 5. e4 O-O 6. c3 c5 7. dxc5 dxc5 8.
Bc4 h6 9. Be3 Qc7 10. h3 Rd8 11. Qc2 b6 12. g4 Nc6 13. O-O-O Na5 14. Be2 Bb7
15. g5 hxg5 16. Nxg5 Rac8 17. h4 b5 18. h5 Nxh5 19. Bxh5 gxh5 20. Rxh5 e5 21.
Rg1 Rd6 22. Qd1 Rg6 23. Rhh1 Rd8 24. Qh5 Rdd6 25. Ngf3 Nc4 26. Nxc4 bxc4 27.
Nxe5 Bxe5 28. f4 Bg7 29. f5 Rxg1+ 30. Rxg1 Kf8 31. Rxg7 Kxg7 32. e5 Qc6 33.
exd6 Qxd6 34. Qg5+ Kf8 35. f6 Qd5 36. Bxc5+ Ke8 37. Qxd5 Bxd5 38. Bxa7 Kd7 39.
Bc5 Kc6 40. Be7 Kb5 41. Kd2 Ka4 42. Ke3 Kb5 43. Kd4 Be6 44. Bd8 Kc6 45. a4 Kd7
46. Ba5 Kc6 47. Bb4 Kb6 48. Ke5 Bh3 49. Kd6 Bg4 50. Kd5 Be6+ 51. Kd4 Kc6 52.
Bc5 1-0

[Event "EST-chT final"]
[Site "Estonia"]
[Date "2003.??.??"]
[Round "?"]
[White "Zjukin, Sergei"]
[Black "Karjakin, Sergei"]
[Result "1/2-1/2"]
[WhiteElo "2401"]
[BlackElo "2189"]
[PlyCount "58"]
[EventDate "2003.??.??"]
[EventType "team"]
[EventRounds "5"]
[EventCountry "EST"]
[SourceTitle "EXT 2007"]
[Source "ChessBase"]
[SourceDate "2006.11.23"]
[SourceVersion "1"]
[SourceVersionDate "2006.11.23"]
[SourceQuality "1"]

1. e4 c5 2. Nf3 d6 3. d4 cxd4 4. Nxd4 Nf6 5. Nc3 a6 6. Bg5 e6 7. f4 Nbd7 8. Qf3
Qc7 9. O-O-O b5 10. Bd3 Bb7 11. Rhe1 Be7 12. Qg3 b4 13. Nd5 exd5 14. exd5 Kd8
15. Nc6+ Bxc6 16. dxc6 Qxc6 17. Bxf6 Nxf6 18. Qxg7 Re8 19. Qxf7 Ra7 20. Bf5 Rc7
21. Re6 Nd7 22. Rdxd6 Qxg2 23. Rxe7 Qf1+ 24. Rd1 Qxf4+ 25. Kb1 Rxe7 26. Qf8+
Re8 27. Qf6+ Re7 28. Qf8+ Re8 29. Qf6+ Re7 1/2-1/2

[Event "UKR tt"]
[Site "Alushta"]
[Date "2003.??.??"]
[Round "1"]
[White "Karjakin, Sergey"]
[Black "Kirichenko, Vitaly IV"]
[Result "1-0"]
[WhiteElo "2547"]
[BlackElo "2430"]
[PlyCount "65"]
[EventDate "2003.??.??"]
[EventType "team"]
[EventRounds "7"]
[EventCountry "UKR"]
[SourceTitle "EXT 2005"]
[Source "ChessBase"]
[SourceDate "2004.11.15"]
[SourceVersion "1"]
[SourceVersionDate "2004.11.15"]
[SourceQuality "1"]

1. e4 g6 2. d4 Bg7 3. Nc3 d6 4. f4 Nc6 5. Be3 Nf6 6. Nf3 O-O 7. e5 Ng4 8. Bg1
dxe5 9. dxe5 f6 10. Bc4+ Kh8 11. h3 Nh6 12. Qe2 fxe5 13. fxe5 Bf5 14. Bf2 Na5
15. Bd5 e6 16. Bb3 Nxb3 17. axb3 g5 18. Bc5 Rf7 19. Rd1 Rd7 20. Rxd7 Qxd7 21.
Nxg5 Qc6 22. Bd4 Rd8 23. Nf3 b5 24. b4 Qc4 25. Qxc4 bxc4 26. Kd2 Bxe5 27. Nxe5
Rxd4+ 28. Ke3 Rd8 29. Rc1 Kg7 30. g4 Bg6 31. Nxg6 Kxg6 32. Ra1 c6 33. Ne2 1-0

[Event "UKR tt"]
[Site "Alushta"]
[Date "2003.??.??"]
[Round "3"]
[White "Zubov, Oleksander"]
[Black "Karjakin, Sergey"]
[Result "1/2-1/2"]
[WhiteElo "2329"]
[BlackElo "2547"]
[PlyCount "53"]
[EventDate "2003.??.??"]
[EventType "team"]
[EventRounds "7"]
[EventCountry "UKR"]
[SourceTitle "EXT 2005"]
[Source "ChessBase"]
[SourceDate "2004.11.15"]
[SourceVersion "1"]
[SourceVersionDate "2004.11.15"]
[SourceQuality "1"]

1. d4 d5 2. c4 dxc4 3. e3 Nf6 4. Bxc4 e6 5. Nf3 a6 6. O-O c5 7. a4 Nc6 8. Nc3
Be7 9. Qe2 O-O 10. Rd1 Qc7 11. dxc5 Bxc5 12. h3 b6 13. e4 Nd7 14. Be3 Nb4 15.
Na2 Nxa2 16. Bxa2 Bxe3 17. Qxe3 a5 18. Nd4 Nc5 19. Nb5 Qe5 20. Nc3 Ba6 21. Rd2
Rad8 22. Rad1 Rxd2 23. Rxd2 g6 24. Bb1 Qc7 25. Qd4 Nb7 26. Qd7 Qc5 27. Qd4
1/2-1/2

[Event "UKR tt"]
[Site "Alushta"]
[Date "2003.??.??"]
[Round "4"]
[White "Kalinin, Oleg"]
[Black "Karjakin, Sergey"]
[Result "0-1"]
[WhiteElo "2395"]
[BlackElo "2547"]
[PlyCount "100"]
[EventDate "2003.??.??"]
[EventType "team"]
[EventRounds "7"]
[EventCountry "UKR"]
[SourceTitle "EXT 2005"]
[Source "ChessBase"]
[SourceDate "2004.11.15"]
[SourceVersion "1"]
[SourceVersionDate "2004.11.15"]
[SourceQuality "1"]

1. d4 d5 2. c4 dxc4 3. Nf3 Nf6 4. e3 e6 5. Bxc4 a6 6. O-O c5 7. dxc5 Bxc5 8.
Nc3 O-O 9. e4 Qxd1 10. Rxd1 b5 11. Bd3 Bb7 12. Bg5 Nbd7 13. h3 Rac8 14. a3 Bb6
15. Bf4 Nc5 16. Be3 Nxd3 17. Rxd3 Bxe3 18. Rxe3 Rfd8 19. Rae1 Kf8 20. R1e2 Ke7
21. Nd2 Nd7 22. Nb3 Ne5 23. Na5 Ba8 24. f3 g5 25. Rc2 h5 26. Kf1 Ng6 27. Ree2
Nf4 28. Red2 f5 29. exf5 exf5 30. Rxd8 Rxd8 31. Nb3 g4 32. hxg4 hxg4 33. fxg4
fxg4 34. g3 Ne6 35. Re2 Bf3 36. Rh2 Ng7 37. Rd2 Rf8 38. Nc5 Nf5 39. Rd7+ Kf6
40. Kf2 Rh8 41. Ra7 Rh2+ 42. Ke1 Rxb2 43. Rxa6+ Kf7 44. Ra7+ Ke8 45. N5e4 Kd8
46. Nf6 Ne3 47. Nfe4 Nc4 48. Nf6 Ne5 49. Kf1 Bg2+ 50. Ke1 Nd3+ 0-1

[Event "UKR tt"]
[Site "Alushta"]
[Date "2003.??.??"]
[Round "5"]
[White "Karjakin, Sergey"]
[Black "Drozdovskij, Yuri"]
[Result "1/2-1/2"]
[WhiteElo "2547"]
[BlackElo "2447"]
[PlyCount "91"]
[EventDate "2003.??.??"]
[EventType "team"]
[EventRounds "7"]
[EventCountry "UKR"]
[SourceTitle "EXT 2005"]
[Source "ChessBase"]
[SourceDate "2004.11.15"]
[SourceVersion "1"]
[SourceVersionDate "2004.11.15"]
[SourceQuality "1"]

1. e4 e5 2. Nf3 Nc6 3. Bb5 g6 4. O-O Bg7 5. c3 a6 6. Bc4 d6 7. d4 Qe7 8. dxe5
Nxe5 9. Nxe5 dxe5 10. b3 Nf6 11. Ba3 c5 12. Bd5 O-O 13. c4 Rb8 14. Nc3 b5 15.
Bb2 Bd7 16. Qc2 Rfc8 17. f4 b4 18. fxe5 bxc3 19. exf6 cxb2 20. Qxb2 Bh8 21. e5
Qe8 22. Rad1 Rd8 23. Rd2 Be6 24. h3 Rd7 25. Rfd1 Rbd8 26. Bxe6 Qxe6 27. Rxd7
Rxd7 28. Rxd7 Qxd7 29. Qf2 Qc7 30. Qf3 Qc8 31. Qd5 h5 32. Qd6 a5 33. Qe7 h4 34.
Kh2 Qb8 35. Kg1 Qc8 36. Kh1 Qc6 37. Qd8+ Kh7 38. Qd5 Qc7 39. Qe4 Kg8 40. Qa8+
Kh7 41. Qe8 a4 42. Kg1 axb3 43. axb3 Qa5 44. Qxf7+ Kh6 45. Qf8+ Kh7 46. Qe7+
1/2-1/2

[Event "Escuela Educaterra sim"]
[Site "Internet"]
[Date "2003.06.04"]
[Round "?"]
[White "Karjakin, Sergey"]
[Black "Barreiro Pineiro, Jose"]
[Result "0-1"]
[WhiteElo "2556"]
[BlackElo "2036"]
[PlyCount "108"]
[EventDate "2003.06.04"]
[EventType "simul"]
[EventRounds "1"]
[EventCountry "ESP"]
[SourceTitle "CBM 094 Extra"]
[Source "ChessBase"]
[SourceDate "2003.07.09"]
[SourceVersion "2"]
[SourceVersionDate "2003.07.09"]
[SourceQuality "1"]

1. e4 e6 2. d4 d5 3. Nc3 Nf6 4. Bg5 Bb4 5. e5 h6 6. Bd2 Bxc3 7. bxc3 Ne4 8. Qg4
Kf8 9. Bd3 Nxd2 10. Kxd2 c5 11. h4 Nc6 12. Rh3 c4 13. Bf1 b5 14. a3 a5 15. Rg3
Rg8 16. Nh3 Bd7 17. Nf4 Ne7 18. Rf3 Nf5 19. g3 g5 20. hxg5 Qxg5 21. Qh3 Ke7 22.
Rb1 Rab8 23. Be2 b4 24. axb4 axb4 25. Rxb4 Rxb4 26. cxb4 Nxd4 27. Re3 Nc6 28.
b5 Nd4 29. b6 Rb8 30. Ra3 Qxe5 31. Qxh6 Nb3+ 32. cxb3 Qb2+ 33. Ke1 Qc1+ 34. Bd1
Qxa3 35. Qg5+ Kd6 36. bxc4 Qc3+ 37. Kf1 Qxc4+ 38. Kg2 Qd4 39. Bh5 f6 40. Qg7
Rxb6 41. Qf8+ Kc6 42. Qa8+ Kc7 43. Qa7+ Kd6 44. Qa8 e5 45. Ne2 Qe4+ 46. Bf3
Bh3+ 47. Kxh3 Qxf3 48. Qd8+ Kc6 49. Qc8+ Kb5 50. Nc3+ Kb4 51. Qc7 Qh1+ 52. Kg4
f5+ 53. Kg5 Qh6+ 54. Kxf5 Qh5# 0-1

[Event "Escuela Educaterra sim"]
[Site "Internet"]
[Date "2003.06.04"]
[Round "?"]
[White "Karjakin, Sergey"]
[Black "Cruz Ravina, Francisco Javier"]
[Result "0-1"]
[WhiteElo "2556"]
[BlackElo "2249"]
[PlyCount "116"]
[EventDate "2003.06.04"]
[EventType "simul"]
[EventRounds "1"]
[EventCountry "ESP"]
[SourceTitle "CBM 094 Extra"]
[Source "ChessBase"]
[SourceDate "2003.07.09"]
[SourceVersion "2"]
[SourceVersionDate "2003.07.09"]
[SourceQuality "1"]

1. e4 e6 2. d4 d5 3. Nc3 dxe4 4. Nxe4 b6 5. Nf3 Bb7 6. Bd3 Nd7 7. O-O Ngf6 8.
Nxf6+ Nxf6 9. Ne5 Qd5 10. Qf3 Qxf3 11. Nxf3 Bd6 12. Bg5 O-O 13. Rad1 h6 14. Bc1
Rfd8 15. Ne5 c5 16. c3 Rac8 17. Bb1 cxd4 18. cxd4 Ba6 19. Bd3 Bxd3 20. Nxd3 Rc2
21. Rd2 Rdc8 22. Rfd1 Nd5 23. Kf1 Rxd2 24. Bxd2 Kf8 25. Rc1 Rxc1+ 26. Bxc1 Ke7
27. Ke2 Kd7 28. Bd2 Kc6 29. b3 f6 30. h3 Ne7 31. Ne1 Ba3 32. Kd3 Bd6 33. Nc2
Nd5 34. Bc1 Nb4+ 35. Nxb4+ Bxb4 36. Be3 Kd5 37. Bc1 h5 38. g4 hxg4 39. hxg4 b5
40. f3 a6 41. Bf4 Ba5 42. Bg3 Bb6 43. Bf2 e5 44. Be1 Bxd4 45. Bb4 g6 46. Bf8
Bc5 47. Bg7 Ke6 48. Bh6 g5 49. Ke4 Be7 50. a4 bxa4 51. bxa4 a5 52. Bg7 Kf7 53.
Bh8 Kg8 54. Bxf6 Bxf6 55. Kd5 Kf7 56. Kd6 Bg7 57. Kd7 Bf8 58. Kc6 Ke6 0-1

[Event "Escuela Educaterra sim"]
[Site "Internet"]
[Date "2003.06.04"]
[Round "?"]
[White "Karjakin, Sergey"]
[Black "Gonzalez Cicujano, Juan"]
[Result "0-1"]
[WhiteElo "2556"]
[BlackElo "2104"]
[PlyCount "108"]
[EventDate "2003.06.04"]
[EventType "simul"]
[EventRounds "1"]
[EventCountry "ESP"]
[SourceTitle "CBM 094 Extra"]
[Source "ChessBase"]
[SourceDate "2003.07.09"]
[SourceVersion "2"]
[SourceVersionDate "2003.07.09"]
[SourceQuality "1"]

1. e4 e6 2. d4 d5 3. Nc3 Bb4 4. e5 Qd7 5. a3 Bf8 6. Nf3 b6 7. Bb5 c6 8. Ba4 Ba6
9. Ne2 Bxe2 10. Qxe2 b5 11. Bb3 a5 12. c3 Ne7 13. O-O h5 14. Nh4 g6 15. Bg5 Bg7
16. Rae1 Na6 17. Bf6 Bxf6 18. exf6 Nf5 19. Nxf5 gxf5 20. Qe5 O-O-O 21. a4 Qc7
22. axb5 cxb5 23. Qe2 Qb6 24. Bc2 Rd7 25. Bd3 Rb7 26. b3 Nb8 27. c4 bxc4 28.
bxc4 dxc4 29. Rc1 Rc7 30. Rxc4 Rxc4 31. Bxc4 Qxd4 32. Rc1 Kb7 33. Rb1+ Kc7 34.
Rc1 Kb7 35. Rd1 Qc5 36. Rb1+ Ka7 37. Rb5 Qc7 38. Qe3+ Ka8 39. Be2 Nc6 40. Bf3
Rc8 41. Rxa5+ Qxa5 42. h3 Kb8 43. Qb3+ Kc7 44. Bxh5 Rb8 45. Qc2 Qa1+ 46. Kh2
Qxf6 47. Bf3 Rb6 48. g3 e5 49. Bd5 e4 50. Qa2 Qb2 51. Qxb2 Rxb2 52. Kg1 Ne5 53.
Kf1 Kd6 54. Ba8 Nd3 0-1